Legal issues in information security / (Record no. 218187)
[ view plain ]
| 000 -LEADER | |
|---|---|
| fixed length control field | 01915 a2200277 4500 |
| 003 - CONTROL NUMBER IDENTIFIER | |
| control field | Nust |
| 005 - DATE AND TIME OF LATEST TRANSACTION | |
| control field | 20220728102049.0 |
| 010 ## - LIBRARY OF CONGRESS CONTROL NUMBER | |
| LC control number | 2014430726 |
| 020 ## - INTERNATIONAL STANDARD BOOK NUMBER | |
| International Standard Book Number | 9781284054743 |
| 020 ## - INTERNATIONAL STANDARD BOOK NUMBER | |
| International Standard Book Number | 978284054743 |
| 035 ## - SYSTEM CONTROL NUMBER | |
| System control number | (OCoLC)ocn875644339 |
| 040 ## - CATALOGING SOURCE | |
| Transcribing agency | Nust |
| 082 04 - DEWEY DECIMAL CLASSIFICATION NUMBER | |
| Classification number | 342.7308,GRA |
| 100 1# - MAIN ENTRY--PERSONAL NAME | |
| Personal name | Grama, Joanna Lyn, |
| 9 (RLIN) | 95583 |
| 245 10 - TITLE STATEMENT | |
| Title | Legal issues in information security / |
| Statement of responsibility, etc. | Joanna Lyn Grama. |
| 250 ## - EDITION STATEMENT | |
| Edition statement | Second edition. |
| 300 ## - PHYSICAL DESCRIPTION | |
| Extent | xvii, 552 pages : |
| Other physical details | illustrations ; |
| Dimensions | 24 cm. |
| 490 1# - SERIES STATEMENT | |
| Series statement | Jones & Bartlett Learning information systems security & assurance series |
| 505 0# - FORMATTED CONTENTS NOTE | |
| Formatted contents note | Information Security Overview (Page-2), Privacy Overview (Page-33), The American Legal System (Page-68), Security and Privacy of Consumer Financial Information (Page-92), Security and Privacy of Information Belonging to Children and Educational Records (Page-121), Security and Privacy of Health Information (Page-148), Corporate Information Security and Privacy Regulation (Page-188), Federal Government Information Security and Privacy Regulation (Page-218), State Laws Protecting Citizen Information and Breach Notification Laws (Page-248), Intellectual Property Law (Page-276), The Role of Contracts (Page-314), Criminal Law and Tort Law issues in Cyberspace (Page-350), Information Security Governance (Page-389), Risk Analysis and Incident Response (Page-426), Computer Forensics and Investigations (Page-461). |
| 650 #0 - SUBJECT ADDED ENTRY--TOPICAL TERM | |
| Topical term or geographic name entry element | Data protection |
| General subdivision | Law and legislation |
| Geographic subdivision | United States. |
| 9 (RLIN) | 95584 |
| 650 #0 - SUBJECT ADDED ENTRY--TOPICAL TERM | |
| Topical term or geographic name entry element | Information storage and retrieval systems |
| General subdivision | Law and legislation |
| Geographic subdivision | United States. |
| 9 (RLIN) | 95585 |
| 650 #0 - SUBJECT ADDED ENTRY--TOPICAL TERM | |
| Topical term or geographic name entry element | Information storage and retrieval systems |
| General subdivision | Security measures |
| -- | Law and legislation |
| Geographic subdivision | United States. |
| 9 (RLIN) | 95586 |
| 740 02 - ADDED ENTRY--UNCONTROLLED RELATED/ANALYTICAL TITLE | |
| Uncontrolled related/analytical title | Laboratory manual to accompany Legal issues in information security. |
| 830 #0 - SERIES ADDED ENTRY--UNIFORM TITLE | |
| Uniform title | Jones & Bartlett Learning information systems security & assurance series. |
| 9 (RLIN) | 95180 |
| 942 ## - ADDED ENTRY ELEMENTS (KOHA) | |
| Source of classification or shelving scheme | |
| Koha item type | Reference |
| Withdrawn status | Lost status | Source of classification or shelving scheme | Damaged status | Not for loan | Permanent Location | Current Location | Shelving location | Date acquired | Full call number | Barcode | Date last seen | Price effective from | Koha item type | Public note |
|---|---|---|---|---|---|---|---|---|---|---|---|---|---|---|
| Military College of Signals (MCS) | Military College of Signals (MCS) | Reference | 12/12/2016 | 342.7308,GRA | MCS37452 | 12/08/2016 | 12/12/2016 | Reference | Almirah No.19, Shelf No.1 |
